000 00336pab a2200133 454500
008 180718b xxu||||| |||| 00| 0 eng d
100 _aDhawan, Shakuntla
245 _aDr. B.R. Ambedkar: a postle of social justice
650 _a Social Justice
650 _a Ambedkar, B.R.
650 _aSocial Justice
773 _aYojana
909 _a1091
999 _c1091
_d1091